[Event "XII C.to Italiano U20"]
[Site "Bratto - Castione della Presolana ITA"]
[Date "2004.08.22"]
[Round "3"]
[White "Drezzadore, Dario"]
[Black "D'Apa, Matteo"]
[Result "1-0"]
[WhiteElo "1730"]
[BlackElo "1939"]
[PlyCount "51"]
[EventDate "2004.08.20"]

1. e4 c6 2. d4 d5 3. Nc3 dxe4 4. Nxe4 Bf5 5. Ng3 Bg6 6. Nf3 Nd7 7. Bd3 Bxd3 8.
Qxd3 Qc7 9. Be3 e6 10. O-O-O Ngf6 11. Kb1 O-O-O 12. Qe2 Nd5 13. Rd3 Nf4 14.
Bxf4 Qxf4 15. c4 c5 16. Rhd1 Nb6 17. b3 Bd6 18. Ne4 Nd7 19. g3 Qg4 20. Nxd6+
Kc7 21. Nxf7 Rdf8 22. Nxh8 Rxh8 23. dxc5 Nxc5 24. Rd4 Qf5+ 25. Kb2 Rf8 26. Rf4
1-0

[Event "XII C.to Italiano U20"]
[Site "Bratto - Castione della Presolana ITA"]
[Date "2004.08.22"]
[Round "3"]
[White "Ferrarese, Giacomo"]
[Black "Forato, Enrico"]
[Result "0-1"]
[WhiteElo "1688"]
[BlackElo "1739"]
[PlyCount "92"]
[EventDate "2004.08.20"]

1. c4 e5 2. Nc3 f5 3. g3 Nf6 4. Bg2 g6 5. d3 Bg7 6. e4 d6 7. Nge2 O-O 8. O-O c6
9. h3 Be6 10. Kh2 Qc8 11. Ng1 f4 12. g4 g5 13. f3 Nbd7 14. Rb1 a5 15. a3 h5 16.
Bd2 Kf7 17. Qe2 hxg4 18. fxg4 Rh8 19. Bf3 Nb6 20. Be1 Bxg4 21. Qg2 Bxh3 22.
Nxh3 g4 23. Rg1 Rxh3+ 24. Qxh3 gxh3 25. Bh4 Qe6 26. Bxf6 Qxf6 27. Bh5+ Ke7 28.
Rg6 Qh4 29. Rbg1 Rg8 30. Bg4 Qf2+ 31. Kh1 h2 32. Rb1 f3 33. Be6 Qg2+ 34. Rxg2
fxg2+ 35. Kxg2 Kxe6 36. Kxh2 Bh6 37. Kh3 Bf4 38. Rf1 Rg3+ 39. Kh4 Rxd3 40. Ne2
Nxc4 41. Nxf4+ exf4 42. Rxf4 Nxb2 43. Kg5 Rg3+ 44. Kh4 Rxa3 45. Kg5 Rg3+ 46.
Kh4 Rg1 0-1

[Event "XII C.to Italiano U20"]
[Site "Bratto - Castione della Presolana ITA"]
[Date "2004.08.22"]
[Round "3"]
[White "Finocchiaro, Gianluca"]
[Black "Gatterer, Matthias"]
[Result "0-1"]
[WhiteElo "1505"]
[BlackElo "1844"]
[PlyCount "68"]
[EventDate "2004.08.20"]

1. d4 d5 2. c4 e6 3. Nc3 Nf6 4. cxd5 exd5 5. Bg5 Be7 6. e3 O-O 7. Qc2 c6 8. Bd3
Nbd7 9. Nge2 Re8 10. Bf4 Nf8 11. f3 Nh5 12. Bg3 Bg5 13. e4 dxe4 14. Nxe4 Be3
15. Bc4 Nxg3 16. hxg3 Bxd4 17. Bd3 Bxb2 18. Rb1 Qa5+ 19. Kd1 Be5 20. f4 Bc7 21.
Ng5 h6 22. Bh7+ Nxh7 23. Qxh7+ Kf8 24. Re1 Qd5+ 25. Kc1 Qc4+ 26. Kb2 Rxe2+ 27.
Rxe2 Qxe2+ 28. Ka1 hxg5 29. Qh8+ Ke7 30. Qxg7 Be6 31. Qxg5+ Kd7 32. Rb2 Qd1+
33. Rb1 Qd4+ 34. Rb2 Rh8 0-1

[Event "XII C.to Italiano U20"]
[Site "Bratto - Castione della Presolana ITA"]
[Date "2004.08.22"]
[Round "3"]
[White "Fortino, Fabrizio"]
[Black "Giovannini, Stefano"]
[Result "1-0"]
[WhiteElo "1931"]
[BlackElo "1712"]
[PlyCount "57"]
[EventDate "2004.08.20"]

1. e4 c6 2. d4 d5 3. e5 Bf5 4. Nc3 e6 5. g4 Bg6 6. Nge2 c5 7. h4 h5 8. Nf4 Bh7
9. Nxh5 cxd4 10. Nb5 Nc6 11. Nxd4 Qa5+ 12. Bd2 Qb6 13. Bc3 Bc5 14. Bb5 Kf8 15.
Bxc6 bxc6 16. Qd2 Bxd4 17. Bxd4 c5 18. Qg5 g6 19. Nf6 Nxf6 20. Qxf6 Rg8 21. Be3
d4 22. Bh6+ Ke8 23. Bg5 Qb7 24. O-O Qc7 25. b4 cxb4 26. Rad1 Rd8 27. Rd3 Rd7
28. Rfd1 Kf8 29. Rxd4 1-0

[Event "XII C.to Italiano U20"]
[Site "Bratto - Castione della Presolana ITA"]
[Date "2004.08.22"]
[Round "3"]
[White "Frilli, Guido"]
[Black "Reginato, Mauro"]
[Result "1-0"]
[WhiteElo "2131"]
[BlackElo "1574"]
[PlyCount "75"]
[EventDate "2004.08.20"]

1. e4 e5 2. d4 exd4 3. Qxd4 Nc6 4. Qe3 Bb4+ 5. Nc3 Bxc3+ 6. Qxc3 Nf6 7. Bf4 Qe7
8. O-O-O d6 9. Bb5 Bd7 10. f3 Nh5 11. Be3 Qe5 12. Qb3 Be6 13. Qa4 O-O 14. Ne2
a6 15. Bxc6 bxc6 16. g4 Nf6 17. Nc3 Bd7 18. h4 Rab8 19. Qd4 Qxd4 20. Bxd4 Ne8
21. Rhg1 Rd8 22. f4 c5 23. Bf2 Bc6 24. e5 g6 25. Bxc5 Ng7 26. exd6 cxd6 27.
Bxd6 Rfe8 28. Be5 Rxd1+ 29. Rxd1 Bf3 30. Rd6 Bxg4 31. Nd5 Nh5 32. Rxa6 Rd8 33.
Rd6 Re8 34. b4 h6 35. a4 g5 36. Rxh6 Rxe5 37. fxe5 gxh4 38. Rxh5 1-0

[Event "XII C.to Italiano U20"]
[Site "Bratto - Castione della Presolana ITA"]
[Date "2004.08.22"]
[Round "3"]
[White "Gilardi, Davide"]
[Black "Polilli, Andrea"]
[Result "1/2-1/2"]
[WhiteElo "1440"]
[BlackElo "1679"]
[PlyCount "103"]
[EventDate "2004.08.20"]

1. e4 c5 2. Nf3 Nc6 3. d4 cxd4 4. Nxd4 g6 5. Nc3 Bg7 6. Nb3 Nf6 7. f3 d6 8. Be3
O-O 9. Qd2 Be6 10. Bh6 a5 11. Bxg7 Kxg7 12. Nd5 Nd7 13. Nf4 Bxb3 14. axb3 Nc5
15. g4 e5 16. Nd3 Qh4+ 17. Qf2 Qxf2+ 18. Kxf2 Nd4 19. Nxc5 dxc5 20. Rc1 Rfd8
21. Bc4 Rab8 22. Rhd1 b6 23. c3 Nc6 24. Rxd8 Rxd8 25. Ke2 Ne7 26. Rd1 Rxd1 27.
Kxd1 g5 28. Ke2 Ng6 29. Kf2 Kf8 30. Bb5 Ke7 31. Ke3 Nf4 32. Bc4 f6 33. Bg8 h6
34. Bc4 Kd6 35. Bb5 Kc7 36. Be8 Kb7 37. Bb5 Ka7 38. c4 Ne6 39. Ba4 Nd4 40. Kf2
Ka6 41. Ke3 b5 42. cxb5+ Nxb5 43. Bxb5+ Kxb5 44. Kd3 Kb4 45. Kc2 c4 46. bxc4
Kxc4 47. b3+ Kb4 48. Kb2 Kc5 49. Ka3 Kb5 50. h3 Kc5 51. Ka4 Kb6 52. b4 1/2-1/2

[Event "XII C.to Italiano U20"]
[Site "Bratto - Castione della Presolana ITA"]
[Date "2004.08.22"]
[Round "3"]
[White "Hellweger, Stefan"]
[Black "Seminara, Antonio"]
[Result "0-1"]
[WhiteElo "1664"]
[BlackElo "1937"]
[PlyCount "78"]
[EventDate "2004.08.20"]

1. e4 c5 2. f4 Nc6 3. Nf3 e6 4. Nc3 Nge7 5. d3 a6 6. Be3 b6 7. Qe2 d5 8. exd5
Nxd5 9. Nxd5 Qxd5 10. c4 Qd8 11. O-O-O Bb7 12. d4 Qc7 13. d5 Nd8 14. dxe6 fxe6
15. Ne5 Bd6 16. Qh5+ Ke7 17. Ng6+ hxg6 18. Qxh8 Bxf4 19. Qxg7+ Nf7 20. Qc3 Be4
21. Be2 Be5 22. Qe1 Bf6 23. Bf3 Qe5 24. Qf2 Ng5 25. h4 Nxf3 26. gxf3 Bxf3 27.
Rhe1 Bxd1 28. Rxd1 Rd8 29. Rxd8 Kxd8 30. Bf4 Qd4 31. Qxd4+ cxd4 32. Bg5 Bxg5+
33. hxg5 e5 34. b4 Kd7 35. Kd2 e4 36. a3 Kd6 37. a4 a5 38. c5+ bxc5 39. bxa5
Kc7 0-1

[Event "XII C.to Italiano U20"]
[Site "Bratto - Castione della Presolana ITA"]
[Date "2004.08.22"]
[Round "3"]
[White "Imbraguglia, Fabio"]
[Black "Pomaro, Alberto"]
[Result "1-0"]
[WhiteElo "1988"]
[BlackElo "1727"]
[PlyCount "59"]
[EventDate "2004.08.20"]

1. d4 Nf6 2. c4 c5 3. d5 b5 4. cxb5 a6 5. f3 d6 6. e4 Nbd7 7. bxa6 Bxa6 8. Bxa6
Rxa6 9. Ne2 g6 10. O-O Bg7 11. Nbc3 O-O 12. Be3 Qb6 13. Rb1 Qb7 14. Qd2 Rfa8
15. h3 Ne5 16. b3 Qc8 17. f4 Ned7 18. f5 Ne5 19. fxg6 hxg6 20. Bh6 Ra3 21. Bxg7
Kxg7 22. Na4 Qb7 23. Nec3 Qb4 24. Qe2 Rb8 25. Rbd1 Ra8 26. Nb1 Nxe4 27. Nxa3
Ng3 28. Qf2 Nxf1 29. Nc2 Qe4 30. Rxf1 1-0

[Event "XII C.to Italiano U20"]
[Site "Bratto - Castione della Presolana ITA"]
[Date "2004.08.22"]
[Round "3"]
[White "Lampl, Gerald"]
[Black "Santacroce, Fidel"]
[Result "0-1"]
[WhiteElo "1841"]
[BlackElo "1661"]
[PlyCount "118"]
[EventDate "2004.08.20"]

1. e4 c5 2. Nf3 d6 3. d4 cxd4 4. Nxd4 Nf6 5. Nc3 a6 6. Bc4 e6 7. Bb3 Be7 8. O-O
O-O 9. f4 Nc6 10. Be3 Bd7 11. Qf3 Nxd4 12. Bxd4 Bc6 13. Rae1 b5 14. f5 e5 15.
Bf2 b4 16. Nd5 Bb5 17. Nxb4 Bxf1 18. Rxf1 Qd7 19. Nd5 Nxd5 20. Bxd5 Rac8 21.
Bb3 a5 22. a4 Rc6 23. Be1 Bg5 24. Kh1 Qa7 25. Qg4 Qa6 26. Qf3 Rfc8 27. Bc3 Rxc3
28. bxc3 Rxc3 29. Qd1 h6 30. Re1 Re3 31. Rg1 Qc6 32. Qh5 Qc7 33. Bd5 Ra3 34.
Bb3 Qb7 35. Qf3 Qb6 36. Bxf7+ Kxf7 37. Qxa3 Qd4 38. Qb3+ Kf8 39. Qb8+ Kf7 40.
Qc7+ Be7 41. Qc6 h5 42. Qd5+ Qxd5 43. exd5 Kf6 44. Rf1 e4 45. g3 Ke5 46. c4 Kd4
47. Re1 Bg5 48. Kg2 e3 49. Kf3 Kxc4 50. h4 Bh6 51. Ke2 Kxd5 52. Rb1 Ke4 53. Rb5
d5 54. Rxa5 d4 55. Ra6 d3+ 56. Ke1 Kf3 57. Re6 e2 58. Rxh6 gxh6 59. Kd2 Kf2 0-1

[Event "XII C.to Italiano U20"]
[Site "Bratto - Castione della Presolana ITA"]
[Date "2004.08.22"]
[Round "3"]
[White "Laurenti, Stefano"]
[Black "Bonafede, Alessandro"]
[Result "0-1"]
[WhiteElo "1823"]
[BlackElo "2107"]
[PlyCount "74"]
[EventDate "2004.08.20"]

1. d4 f5 2. Nc3 Nf6 3. Bg5 g6 4. Bxf6 exf6 5. e3 d5 6. Bd3 Be6 7. Nge2 c6 8.
Nf4 Bf7 9. h4 h5 10. Qd2 Bd6 11. Nce2 Nd7 12. f3 Qe7 13. c3 Nb6 14. b3 a5 15.
Kf2 Kd8 16. Rae1 Kc7 17. Bb1 Qd7 18. Nd3 a4 19. Nc5 Qe7 20. Nd3 axb3 21. axb3
Rhe8 22. Nec1 Rg8 23. Nb2 g5 24. Bxf5 gxh4 25. f4 Bg6 26. Bxg6 Rxg6 27. Rxh4
Rag8 28. Rg1 Qe4 29. g3 Nd7 30. Qd3 Qe7 31. Rxh5 Qg7 32. Rh3 f5 33. Qxf5 Nf6
34. Ne2 Ne4+ 35. Kf3 Ng5+ 36. Kf2 Rf8 37. Qxf8 Nxh3+ 0-1

[Event "XII C.to Italiano U20"]
[Site "Bratto - Castione della Presolana ITA"]
[Date "2004.08.22"]
[Round "3"]
[White "Mandolini, Riccardo"]
[Black "Ferrante, Marco"]
[Result "1-0"]
[WhiteElo "1799"]
[BlackElo "2074"]
[PlyCount "67"]
[EventDate "2004.08.20"]

1. Nc3 e6 2. b3 Nf6 3. Bb2 d5 4. e3 c5 5. Nf3 Nc6 6. g3 b6 7. Bg2 Ba6 8. d3 Rc8
9. O-O Be7 10. a4 O-O 11. Re1 Qd7 12. Nb5 Rfd8 13. Qe2 Ne8 14. Rad1 Nd6 15. c4
f6 16. Bh3 Nf7 17. d4 Na5 18. dxc5 f5 19. cxd5 Rxc5 20. dxe6 Qxe6 21. b4 Rcd5
22. bxa5 Bb4 23. Rf1 Bxa5 24. Rxd5 Qxd5 25. Nfd4 Bb7 26. f3 a6 27. Nxf5 Qb3 28.
Nbd4 Qxa4 29. Ne6 Rd7 30. Rc1 h6 31. Bd4 Qb3 32. Nexg7 Ng5 33. Bg4 h5 34. Nxh5
1-0

[Event "XII C.to Italiano U20"]
[Site "Bratto - Castione della Presolana ITA"]
[Date "2004.08.22"]
[Round "3"]
[White "Mora, Lorenzo"]
[Black "Cantu', Guido"]
[Result "1/2-1/2"]
[WhiteElo "1844"]
[BlackElo "1700"]
[PlyCount "69"]
[EventDate "2004.08.20"]

1. d4 Nf6 2. c4 e6 3. Nc3 Bb4 4. Qc2 O-O 5. Bg5 c5 6. d5 exd5 7. cxd5 d6 8. e4
Nbd7 9. Nf3 Re8 10. O-O-O h6 11. Bh4 Qa5 12. Bd3 Bxc3 13. bxc3 Qa3+ 14. Kb1 b5
15. Qc1 Qxc1+ 16. Rxc1 c4 17. Bc2 Nxe4 18. Rhe1 Nxc3+ 19. Kb2 Rxe1 20. Rxe1
Nxd5 21. Re8+ Nf8 22. Nd4 Nc7 23. Rd8 d5 24. Bg3 Nce6 25. Rxd5 Nxd4 26. Rxd4
Ne6 27. Rg4 Bb7 28. Be5 g6 29. f4 Kf8 30. f5 gxf5 31. Bxf5 Ke7 32. g3 Rd8 33.
Bc3 Bf3 34. Bxe6 Kxe6 35. Rf4 1/2-1/2

[Event "XII C.to Italiano U20"]
[Site "Bratto - Castione della Presolana ITA"]
[Date "2004.08.22"]
[Round "3"]
[White "Napoli, Nicolo'"]
[Black "Tomba, Ivan"]
[Result "0-1"]
[WhiteElo "2172"]
[BlackElo "2292"]
[PlyCount "56"]
[EventDate "2004.08.20"]

1. d4 d5 2. Nc3 Bf5 3. Bg5 h6 4. Bh4 c6 5. f3 g5 6. e4 gxh4 7. exf5 Bg7 8. Qd3
Qd6 9. O-O-O Nd7 10. Nge2 O-O-O 11. g3 hxg3 12. hxg3 Ngf6 13. Nf4 h5 14. Nfe2
Nb6 15. Kb1 Nc4 16. Ka1 Bh6 17. Bh3 Kb8 18. b3 Nb6 19. Kb2 a6 20. a3 Rc8 21. g4
hxg4 22. fxg4 Bg5 23. a4 Rh4 24. Rhg1 Rch8 25. Rg3 Ne4 26. Rf3 Qh2 27. a5 Rxh3
28. axb6 Nf2 0-1

[Event "XII C.to Italiano U20"]
[Site "Bratto - Castione della Presolana ITA"]
[Date "2004.08.22"]
[Round "3"]
[White "Nizzardo, Mattia"]
[Black "Rombaldoni, Brian"]
[Result "0-1"]
[WhiteElo "1772"]
[BlackElo "1452"]
[PlyCount "152"]
[EventDate "2004.08.20"]

1. e4 c6 2. d4 d5 3. exd5 cxd5 4. Bf4 Nd7 5. Nf3 e6 6. Bd3 Bb4+ 7. c3 Be7 8.
Nbd2 Ngf6 9. O-O O-O 10. Ne5 Nb6 11. Qf3 Bd6 12. Qg3 Nh5 13. Qh3 Nf6 14. Bg5 h6
15. Ng4 Bxh2+ 16. Qxh2 Nxg4 17. Bxd8 Nxh2 18. Bxb6 Nxf1 19. Kxf1 axb6 20. Nf3
g6 21. Bb5 f6 22. Ke2 Rd8 23. a3 Bd7 24. Bd3 Kg7 25. Rb1 Re8 26. Bc2 e5 27. Kf1
e4 28. Nd2 Ba4 29. b3 Bb5+ 30. c4 dxc4 31. bxc4 Ba6 32. Bxe4 Bxc4+ 33. Kg1 b5
34. Bxb7 Rxa3 35. Bc6 Re2 36. Nxc4 bxc4 37. Rb7+ Kf8 38. Rb8+ Ke7 39. Re8+ Kd6
40. Rxe2 Kxc6 41. Re8 Ra1+ 42. Kh2 Rc1 43. Rc8+ Kd5 44. Rd8+ Ke4 45. d5 Ke5 46.
Kg3 c3 47. d6 Ke6 48. Kf3 c2 49. d7 Ke7 50. Re8+ Kxd7 51. Re2 Kd6 52. g3 Kd5
53. Ke3 Kc4 54. Kd2 Ra1 55. Kxc2 Ra2+ 56. Kd1 Rxe2 57. Kxe2 g5 58. Kf3 f5 59.
g4 f4 60. Ke4 Kc3 61. Kf5 Kd3 62. Kg6 Ke2 63. Kxh6 Kxf2 64. Kxg5 f3 65. Kh6 Ke2
66. g5 f2 67. g6 f1=Q 68. g7 Qf7 69. Kh7 Qh5+ 70. Kg8 Kf3 71. Kf8 Qf5+ 72. Ke7
Qh7 73. Kf8 Qf5+ 74. Ke7 Qg6 75. Kf8 Qf6+ 76. Kg8 Kg4 0-1

[Event "XII C.to Italiano U20"]
[Site "Bratto - Castione della Presolana ITA"]
[Date "2004.08.22"]
[Round "3"]
[White "Oblak, Mitja"]
[Black "Campanella, Giovanni"]
[Result "0-1"]
[WhiteElo "1556"]
[BlackElo "1694"]
[PlyCount "74"]
[EventDate "2004.08.20"]

1. d4 d5 2. c4 e5 3. dxe5 d4 4. Nf3 Nc6 5. g3 Bg4 6. Bg2 Qd7 7. Nbd2 O-O-O 8.
O-O Bh3 9. a3 Bxg2 10. Kxg2 f6 11. exf6 gxf6 12. b4 h5 13. Nh4 Ne5 14. Qb3 Bh6
15. Ndf3 Ne7 16. b5 N7g6 17. Nxg6 Nxg6 18. Bxh6 Rxh6 19. Rfd1 Qg4 20. h3 Nf4+
21. Kf1 Qxh3+ 22. Ke1 Ne6 23. e3 Nc5 24. Qb4 Qf5 25. Nxd4 Nd3+ 26. Ke2 Rxd4 27.
Rxd3 Qxd3+ 28. Ke1 Rd8 29. c5 f5 30. Rc1 Re6 31. c6 Rxe3+ 32. fxe3 Qxe3+ 33.
Kf1 Qf3+ 34. Kg1 Qxg3+ 35. Kh1 Qh3+ 36. Kg1 Rg8+ 37. Kf2 Rg2+ 0-1

[Event "XII C.to Italiano U20"]
[Site "Bratto - Castione della Presolana ITA"]
[Date "2004.08.22"]
[Round "3"]
[White "Pace, Pietro Dario"]
[Black "Vocaturo, Daniele"]
[Result "1-0"]
[WhiteElo "2133"]
[BlackElo "2221"]
[PlyCount "143"]
[EventDate "2004.08.20"]

1. e4 c5 2. Nf3 d6 3. Bb5+ Nd7 4. c3 Ngf6 5. Qe2 a6 6. Ba4 b5 7. Bc2 Ne5 8. d3
g6 9. Nbd2 Bg7 10. O-O Qc7 11. Ne1 O-O 12. f4 Nc6 13. Ndf3 b4 14. Bd2 bxc3 15.
bxc3 Rb8 16. Kh1 e5 17. fxe5 Nxe5 18. Nxe5 dxe5 19. Bg5 Nh5 20. Bb3 Nf4 21. Qe3
Be6 22. g3 Bh3 23. Rg1 Ne6 24. g4 Nxg5 25. Qxg5 Qd8 26. Qxd8 Rfxd8 27. Rg3 Bf1
28. Kg1 Be2 29. Kf2 c4 30. dxc4 Rd2 31. Ke3 Rbd8 32. Rg2 Bd1 33. Rxd1 Rxd1 34.
Bxd1 Rxd1 35. Nd3 f6 36. Rb2 Bh6+ 37. Ke2 Rh1 38. Rb8+ Bf8 39. c5 Rxh2+ 40. Kd1
Kf7 41. c6 Bd6 42. c7 Bxc7 43. Rb7 Rxa2 44. Rxc7+ Ke6 45. Nb4 Rg2 46. Rc6+ Kd7
47. Rxa6 Rxg4 48. Nd5 Rg1+ 49. Kd2 f5 50. c4 Rg2+ 51. Kc3 Rg1 52. Ra7+ Kd6 53.
Ra6+ Kd7 54. Kb4 fxe4 55. Nf6+ Kc7 56. Nxe4 h5 57. Kc5 h4 58. Ra7+ Kb8 59. Rh7
g5 60. Kb6 Rb1+ 61. Kc6 Rb4 62. Kc5 Rb3 63. Nxg5 Rg3 64. Ne4 Rg4 65. Nd6 e4 66.
Kb6 Rg8 67. Nxe4 Rg6+ 68. Kb5 Rg4 69. Nd6 h3 70. Kb6 Rg8 71. Rxh3 Rd8 72. c5
1-0

[Event "XII C.to Italiano U20"]
[Site "Bratto - Castione della Presolana ITA"]
[Date "2004.08.22"]
[Round "3"]
[White "Pagan, Andrea"]
[Black "Bartolini, Leonardo"]
[Result "1-0"]
[WhiteElo "1679"]
[BlackElo "1574"]
[PlyCount "59"]
[EventDate "2004.08.20"]

1. d4 d5 2. Nf3 Nf6 3. Bg5 Bf5 4. e3 e6 5. Nbd2 c6 6. Be2 h6 7. Bh4 Bd6 8. O-O
O-O 9. c4 Nbd7 10. c5 Bc7 11. b4 e5 12. dxe5 Nxe5 13. Nd4 Bh7 14. N2f3 Ng6 15.
Nf5 Nxh4 16. N3xh4 Qd7 17. Bg4 Qd8 18. Qf3 Nxg4 19. Qxg4 Qf6 20. Nd4 Rfe8 21.
Nhf3 Re4 22. Qd7 Re7 23. Qh3 Rae8 24. a4 Be5 25. b5 Bc7 26. Ra3 Rb8 27. Rb3 Bg6
28. bxc6 bxc6 29. Rxb8+ Bxb8 30. Qc8+ 1-0

[Event "XII C.to Italiano U20"]
[Site "Bratto - Castione della Presolana ITA"]
[Date "2004.08.22"]
[Round "3"]
[White "Pagan, Nicolo'"]
[Black "Covolan, Stefano"]
[Result "0-1"]
[WhiteElo "1709"]
[BlackElo "1586"]
[PlyCount "78"]
[EventDate "2004.08.20"]

1. d4 Nf6 2. c4 g6 3. Nc3 Bg7 4. e4 d6 5. Be3 O-O 6. Bd3 Nc6 7. Nge2 Ng4 8. O-O
Nxe3 9. fxe3 Nb4 10. Bb1 Nc6 11. a3 e5 12. d5 Ne7 13. b4 Bh6 14. Rf3 Bg4 15.
Rg3 Qc8 16. h3 Bd7 17. c5 f5 18. exf5 Nxf5 19. Bxf5 Bxf5 20. e4 Bd7 21. Qd3 Qe8
22. a4 a6 23. Ra3 Rf6 24. cxd6 cxd6 25. b5 axb5 26. Nxb5 Bxb5 27. Qxb5 Qxb5 28.
axb5 Rxa3 29. Rxa3 Kf7 30. Rc3 Kg7 31. b6 Rf7 32. Kh1 Bd2 33. Rb3 Kh6 34. Rb2
Be3 35. Rb3 Bc5 36. Rb1 g5 37. Kh2 Kh5 38. Ng3+ Kg6 39. Nf5 h5 0-1

[Event "XII C.to Italiano U20"]
[Site "Bratto - Castione della Presolana ITA"]
[Date "2004.08.22"]
[Round "3"]
[White "Reduzzi, Maurizio"]
[Black "Scharrer, Patrick"]
[Result "0-1"]
[WhiteElo "2114"]
[BlackElo "2193"]
[PlyCount "56"]
[EventDate "2004.08.20"]

1. d4 Nf6 2. Nf3 g6 3. g3 Bg7 4. Bg2 O-O 5. O-O d5 6. c4 dxc4 7. Na3 c5 8. Nxc4
cxd4 9. Nxd4 Nd5 10. e3 Nb4 11. Qb3 N4c6 12. Nxc6 Nxc6 13. Rd1 Qc7 14. Bd2 Be6
15. Rac1 Ne5 16. Qxb7 Qxb7 17. Bxb7 Nxc4 18. Bxa8 Rxa8 19. Bc3 Nxb2 20. Bxb2
Bxb2 21. Rc2 Bf6 22. f3 a5 23. Rcd2 Kg7 24. e4 Rc8 25. Re2 Bc3 26. Kg2 Bb4 27.
h4 Rc3 28. Rb1 Bc4 0-1

[Event "XII C.to Italiano U20"]
[Site "Bratto - Castione della Presolana ITA"]
[Date "2004.08.22"]
[Round "3"]
[White "Regorda, Massimiliano"]
[Black "Vignoli, Matteo"]
[Result "1/2-1/2"]
[WhiteElo "1703"]
[BlackElo "1808"]
[PlyCount "51"]
[EventDate "2004.08.20"]

1. e4 e5 2. Nf3 Nc6 3. Bb5 a6 4. Ba4 Nf6 5. O-O Be7 6. Re1 b5 7. Bb3 O-O 8. c3
d5 9. exd5 Nxd5 10. Nxe5 Nxe5 11. Rxe5 c6 12. Bxd5 cxd5 13. Qf3 Be6 14. d4 Bd6
15. Re1 Qh4 16. g3 Qh3 17. Be3 Rae8 18. Nd2 f5 19. Qg2 Qh5 20. Qf3 Qg6 21. Bf4
Bxf4 22. Qxf4 Bc8 23. Re5 Rd8 24. Rae1 Qf6 25. Nf3 h6 26. Re7 1/2-1/2

[Event "XII C.to Italiano U20"]
[Site "Bratto - Castione della Presolana ITA"]
[Date "2004.08.22"]
[Round "3"]
[White "Rombaldoni, Denis"]
[Black "Damia, Angelo"]
[Result "1/2-1/2"]
[WhiteElo "2224"]
[BlackElo "2129"]
[PlyCount "37"]
[EventDate "2004.08.20"]

1. d4 Nf6 2. c4 g6 3. Nf3 Bg7 4. g3 O-O 5. Bg2 d5 6. O-O dxc4 7. Nc3 c6 8. h3
Nd5 9. e4 Nxc3 10. bxc3 Nd7 11. Qe2 b5 12. a4 Nb6 13. axb5 cxb5 14. Bg5 Bb7 15.
Rfb1 a6 16. g4 Qd7 17. Qe3 Na4 18. Rd1 f6 19. Bh4 1/2-1/2

[Event "XII C.to Italiano U20"]
[Site "Bratto - Castione della Presolana ITA"]
[Date "2004.08.22"]
[Round "3"]
[White "Ronchetti, Niccolo'"]
[Black "Massironi, Marco"]
[Result "1-0"]
[WhiteElo "2216"]
[BlackElo "2121"]
[PlyCount "61"]
[EventDate "2004.08.20"]

1. e4 c5 2. Nf3 d6 3. d4 cxd4 4. Nxd4 Nf6 5. Nc3 a6 6. Bc4 e6 7. Bb3 Nbd7 8. f4
Nc5 9. Qf3 Be7 10. Be3 O-O 11. O-O-O Qc7 12. f5 e5 13. Nde2 b5 14. Bxc5 dxc5
15. Nd5 Nxd5 16. Bxd5 Rb8 17. g4 c4 18. h4 b4 19. g5 c3 20. f6 Bc5 21. fxg7 Re8
22. g6 hxg6 23. h5 Be6 24. hxg6 Bxd5 25. Qf6 Be3+ 26. Kb1 Bxa2+ 27. Kxa2 b3+
28. cxb3 Qa5+ 29. Kb1 c2+ 30. Kxc2 Rbc8+ 31. Kb1 1-0

[Event "XII C.to Italiano U20"]
[Site "Bratto - Castione della Presolana ITA"]
[Date "2004.08.22"]
[Round "3"]
[White "Santagati, Alessandro"]
[Black "Longo, Aldo"]
[Result "1-0"]
[WhiteElo "2176"]
[BlackElo "1888"]
[PlyCount "111"]
[EventDate "2004.08.20"]

1. d4 Nf6 2. c4 g6 3. Nc3 Bg7 4. e4 d6 5. Bg5 O-O 6. Nf3 Nbd7 7. Be2 e5 8. d5
h6 9. Bh4 g5 10. Bg3 Nc5 11. Nd2 a5 12. O-O Bd7 13. b3 Nh7 14. a3 f5 15. f3 Qe8
16. b4 Na4 17. Nxa4 Bxa4 18. Qc1 Bd7 19. c5 f4 20. Bf2 Nf6 21. bxa5 g4 22. cxd6
cxd6 23. Qc7 Qb8 24. Qxb8 Rfxb8 25. Rfc1 gxf3 26. gxf3 Ne8 27. Bf1 Bf6 28. Nc4
Bd8 29. Nb6 Bxb6 30. axb6 Ra4 31. Rc4 Rxc4 32. Bxc4 Rc8 33. Be2 Ba4 34. Be1 Nf6
35. Bb4 Ne8 36. Kf2 Kf7 37. Ke1 Ke7 38. Bd1 Bxd1 39. Kxd1 Nf6 40. a4 Nd7 41. a5
Nb8 42. Ra2 Rg8 43. Be1 Na6 44. Bf2 Kd7 45. Rc2 Rg2 46. Be1 Rg8 47. Rf2 Ke7 48.
Ke2 Kf7 49. Kf1 Rc8 50. Kg2 Rc1 51. Bd2 Rc8 52. Kh3 Rg8 53. Rg2 Rh8 54. Kh4 Rg8
55. Rxg8 Kxg8 56. Bc1 1-0

[Event "XII C.to Italiano U20"]
[Site "Bratto - Castione della Presolana ITA"]
[Date "2004.08.22"]
[Round "3"]
[White "Valsecchi, Alessio"]
[Black "Buono, Valerio"]
[Result "1/2-1/2"]
[WhiteElo "1739"]
[BlackElo "1978"]
[PlyCount "69"]
[EventDate "2004.08.20"]

1. e4 e5 2. Nf3 Nc6 3. Bb5 a6 4. Ba4 Nf6 5. O-O b5 6. Bb3 Be7 7. Re1 d6 8. c3
O-O 9. h3 Na5 10. Bc2 c5 11. d4 exd4 12. cxd4 Nc6 13. Nc3 Bb7 14. Bf4 Nd7 15.
Nd5 Nb6 16. Nxe7+ Qxe7 17. dxc5 Nc8 18. cxd6 Qd7 19. Nd4 Nb6 20. e5 Nd5 21. Bf5
Qd8 22. Ne6 fxe6 23. Bxe6+ Kh8 24. Bxd5 Rxf4 25. Bxc6 Bxc6 26. Rc1 Qb6 27. Qd2
Raf8 28. Re2 Bd7 29. Rc7 Be6 30. Re7 Bc4 31. d7 Qd8 32. Qxf4 Qxe7 33. Rd2 Rd8
34. Qd4 Be6 35. Qb6 1/2-1/2

[Event "XII C.to Italiano U20"]
[Site "Bratto - Castione della Presolana ITA"]
[Date "2004.08.22"]
[Round "3"]
[White "Xia, Jie"]
[Black "Bonagura, Stefano"]
[Result "1/2-1/2"]
[WhiteElo "2126"]
[BlackElo "1784"]
[PlyCount "101"]
[EventDate "2004.08.20"]

1. e4 d6 2. d4 Nf6 3. Nc3 c6 4. Nf3 Bg4 5. Be2 e6 6. h3 Bxf3 7. Bxf3 d5 8. Bf4
Bb4 9. e5 Nfd7 10. a3 Be7 11. Be2 a6 12. Na2 c5 13. c3 Nc6 14. Qd2 Na5 15. Nc1
cxd4 16. cxd4 Rc8 17. O-O O-O 18. b4 Nc4 19. Bxc4 Rxc4 20. Nb3 b6 21. Rfc1 Qc7
22. Be3 f6 23. f4 Qb7 24. Qb2 f5 25. Nd2 Rcc8 26. a4 Rxc1+ 27. Rxc1 Rc8 28. b5
a5 29. Rc2 Bd8 30. Qc1 Rxc2 31. Qxc2 Qc7 32. Qxc7 Bxc7 33. Nb3 Kf7 34. Kf2 h6
35. g4 Kg6 36. Kf3 Bd8 37. Bf2 Be7 38. Nc1 h5 39. Ne2 h4 40. g5 Kh5 41. Be3 Nf8
42. Nc1 Nd7 43. Nd3 Ba3 44. Bd2 Be7 45. Be3 Ba3 46. Ne1 Nf8 47. Nd3 Nd7 48. Ne1
Nf8 49. Nc2 Be7 50. Na1 Bb4 51. Nb3 1/2-1/2

[Event "XII C.to Italiano U20"]
[Site "Bratto - Castione della Presolana ITA"]
[Date "2004.08.23"]
[Round "4"]
[White "Bartolini, Leonardo"]
[Black "Pagan, Nicolo'"]
[Result "0-1"]
[WhiteElo "1574"]
[BlackElo "1709"]
[PlyCount "130"]
[EventDate "2004.08.20"]

1. d4 Nf6 2. Nf3 d5 3. Bf4 Bg4 4. e3 e6 5. Nbd2 Nbd7 6. Be2 c5 7. c3 Rc8 8. O-O
Be7 9. h3 Bh5 10. Ne5 Bxe2 11. Qxe2 Nxe5 12. dxe5 Nd7 13. Qg4 g5 14. Bh2 O-O
15. f4 Kh8 16. e4 Rg8 17. f5 Qb6 18. fxe6 Qxe6 19. Qxe6 fxe6 20. Rf7 Rce8 21.
Raf1 Rgf8 22. Rxf8+ Rxf8 23. Rxf8+ Nxf8 24. Kf2 Kg7 25. g4 Kf7 26. Ke3 Ke8 27.
Kd3 Kd7 28. Kc2 Kc6 29. Kd3 Bd8 30. Bg3 h6 31. Bh2 b5 32. Bg3 a5 33. b3 Bc7 34.
Bh2 Ng6 35. Nf3 c4+ 36. bxc4 bxc4+ 37. Ke3 Bb6+ 38. Nd4+ Bxd4+ 39. Kxd4 dxe4
40. Kxc4 Nh4 41. Bg1 Nf3 42. Be3 Ne1 43. Kd4 Nc2+ 44. Kxe4 Nxe3 45. Kxe3 Kd5
46. Kd3 Kxe5 47. Ke3 Kd5 48. Kd3 Kc5 49. c4 a4 50. Kc3 e5 51. Kd3 a3 52. Ke4
Kxc4 53. Kxe5 Kc3 54. Kf5 Kb2 55. Kg6 Kxa2 56. Kxh6 Kb3 57. Kxg5 a2 58. h4 a1=Q
59. h5 Qg7+ 60. Kf5 Qh6 61. g5 Qxh5 62. Kf6 Qh8+ 63. Kf7 Qh7+ 64. Kf6 Qg8 65.
g6 Kc4 0-1